000 00491cam a2200169u 4500
082 _a942
_bSIM
100 1 _aSimson, H. J.
_949977
245 1 0 _aBritish rule, and rebellion,
260 _aEdinburgh and London,
_bW. Blackwood & sons., ltd.,
_c1937.
300 _ap. cm.
526 _a0
_b0
_c0
_d942_000000000000000_SIM
650 0 _aGovernment, Resistance to.
_927128
650 0 _aJews
_zPalestine.
_949978
650 0 _aMCE
_9379
650 0 _aPalestinian Arabs.
_927196
942 _2ddc
_cBK
999 _c552718
_d552718